000 01076nam a22003497a 4500
003 CHAP
005 20220817044255.0
008 090615s2007 it ab rn 00010 eng d
010 _a96374
011 _a97346
020 _a9789251058060
035 _a108012
040 _cCHAP
082 0 4 _a639.2
_bF3y v.483
110 2 _aFAO
245 1 0 _aGlobal fishery resources of tuna and tuna-like species
_c/by Jacek Majkowski.
260 _aRome :
_bFAO,
_c2007
300 _aix, 54 p.
_bgráfs.; mapas
490 0 _aDocumento técnico de pesca
_v; 483
590 _aBATCH-UPD
_b10
_c20130110
_lUCH01
_h1112
590 _aBATCH-UPD
_b10
_c20130410
_lUCH01
_h0703
590 _aBATCH-UPD
_b10
_c20130914
_lUCH01
_h0427
590 _aCONVERSION
_b10
_c20130109
_lUCH01
_h1353
650 1 4 _aAtún.
_98265
650 1 4 _aPesquería.
_987496
650 1 4 _aRecursos marinos.
830 0 0 _aDocumento técnico de pesca
_v; 483
_933242
901 _aBK
911 _aen proceso
942 _cLIBRO
949 _a639.2 F3y v.483
_bBC
_cFAO
_d33724002087728
_eFAO1
_gDonaciØn
_h110624
_i108012
_sb
999 _c96374
_d96374